Derechos humanos de las personas con discapacidad la convencin̤ internacional de las Naciones Unidas /

Detalles Bibliográficos
Otros Autores: Cabra de Luna, Miguel ℓngel, Bariffi, Francisco, Palacios, Agustina
Formato: Libro
Lenguaje:español
Publicado: Madrid : Editorial Universitaria Ramn̤ Areces, 2007
Colección:La Llave
Por ms̀ seąs
Materias:
Acceso en línea:Acceso restringido

MARC

LEADER 00000nam a2200000 a 4500
005 20110427101316.0
007 cr |||||||||||
008 110208s2007 sp |||||||||||0|| ||spa|c
020 |a 9788480048149 
035 |a 5297 
040 |a CCUC  |d vlex 
080 |a 342.7-056 
090 |c 2062  |d 2062 
245 0 0 |a Derechos humanos de las personas con discapacidad  |h [Recurso electrn̤ico]  |b la convencin̤ internacional de las Naciones Unidas /  |c Miguel ℓngel Cabra de Luna, Francisco Bariffi, Agustina Palacios (coordinadores) 
256 |a Servicio en ln̕ea 
260 |a Madrid :  |b Editorial Universitaria Ramn̤ Areces,  |c  2007 
300 |a 1 recurso electrn̤ico (143 p.) 
504 |a Bibliografa̕ 
506 1 |a Contenido solo disponible en los productos indicados  |d vLex Global  |d vLex Global (Academic Edition, excluding Law Schools)  |d vLex Global (U.S. Academic Edition, Law Schools)  |d vLex Global (U.S. Academic Edition, excluding Law Schools)  |d vLex Global (Academic Edition, Law Schools) 
650 4 |a Disminuidos  |x Situacin̤ legal, leyes, etc. 
650 4 |a Disminuidos  |x Proteccin̤, asistencia, etc. 
650 4 |a Discapacitados  |x Situacin̤ legal 
650 4 |a Derechos humanos 
650 4 |a Derechos fundamentales 
650 4 |a Discriminacin̤ 
650 4 |a Incapacitacin̤ 
700 1 |a Cabra de Luna, Miguel ℓngel 
700 1 |a Bariffi, Francisco 
700 1 |a Palacios, Agustina 
740 |a vLex Libros (Servicios en ln̕ea) 
830 0 |a La Llave 
830 0 |a Por ms̀ seąs  
856 |z Acceso restringido  |u http://vlex.com/source/derechos-humanos-personas-discapacidad-5297 
942 |c BOOK